00366nam a22001337a 450000500170000000800410001704100130005808200130007110000130008424500450009726000350014230000290017765000260020620240506094909.0240506b |||||||| |||| 00| 0 eng d aEnglish  a349 LAW  lEnglish  aThe Law Reports : King's Bench Division  aLondon: bTHE COUNCIL, c1947  bxvi, 1019 pagesc25 cm.  aLegal practice bLaw